000 02401nam0a2200349 4500
001 RU\NLR\BIBL_A\011429634
005 20260406110449.0
035 _a(NLR Aleph) 011429634
090 _a11646395
_c11646395
100 _a20170630d2016 |||y0rusy50 ca
101 0 _arus
102 _aRU
105 _ay z 000 y
200 1 _aИстория Творческой мастерской скульптуры Российской Академии художеств под руководством академика Г.Д. Ястребенецкого в лицах
_iСкульптор Ярослав Барков
_eматериалы к творческому портрету
_fВладимир Потапенко, Григорий Ястребенецкий
_gРоссийская Академия художеств
210 _aСанкт-Петербург
_cФилателия
_d2016
215 _a177, [1] с.
_cил., портр.
_d20
225 1 _aСерия книг "История Творческой мастерской скульптуры Российской Академии художеств под руководством академика Г.Д. Ястребенецкого в лицах"
316 _aС автогр. авт.
_5NLR
316 _aЭкз. № 4
_5NLR
600 1 _aБарков
_bЯ.
_f1982
_gЯрослав
_92331963
_3RU\NLR\AUTH\6601618579
601 0 2 _aТворческая мастерская скульптуры под руководством Г. Д. Ястребенецкого
_cСанкт-Петербург, город
_92209302
_3RU\NLR\AUTH\6601561333
686 1 _aЩ133(2Р=Рус)7-29 Творческая мастерская скульптуры под руководством Г. Д. Ястребенецкого
686 1 _aЩ133(2Р=Рус)8-8Барков
700 1 _7ca
_8rus
_aПотапенко
_bВ. Б.
_f1951-
_gВладимир Борисович
_9132244
_3RU\NLR\AUTH\770132278
701 1 _8rus
_7ca
_aЯстребенецкий
_bГ. Д.
_f1923-2022
_gГригорий Данилович
_3RU\NLR\AUTH\77109591
_992516
702 1 _aБарков
_bЯ.
_gЯрослав
_4570
942 _cBOOK
980 _aNBR
980 _aNB